| 000 | 01003nam a2200241 a 4500 | ||
|---|---|---|---|
| 001 | 000039712 | ||
| 005 | 20201002033708.0 | ||
| 008 | 130717s2003 sp 000 0 spa d | ||
| 020 | _a9508083735 | ||
| 040 |
_aDO-SdBNP _bspa _cBNPHU |
||
| 245 | 0 |
_aDemocracia, desarrollo humano y ciudadanía : _breflexiones sobre la calidad de la democracia en América Latina / Guillermo O'Donnell, Osvaldo M. Iazzetta, Jorges Vargas Cullell, compiladores ; Manuel Alcántara Sáez ... [et.al]. |
|
| 260 |
_aArgentina : _bHomo Sapiens, _c2003. |
||
| 300 |
_a357 p. ; _c22 cm. |
||
| 490 | 1 | _aPoliteia | |
| 504 | _aIncluye referencias bibliográficas y notas al pie de las páginas | ||
| 504 | _aBibliografía : p. 127-135 | ||
| 700 | 1 |
_aO'Donnell, Guillermo, _ecomp. _965902 |
|
| 700 | 1 |
_aIazzetta, Osvaldo, _ecomp. _965903 |
|
| 700 | 1 |
_aVargas Cullell, Jorge, _ecomp. _965904 |
|
| 700 | 1 |
_aAlcantara Saez, Manuel _92510 |
|
| 710 | 2 |
_aNaciones Unidas. Programa para el Desarrollo _965905 |
|
| 830 | 0 |
_aPoliteia _965906 |
|
| 999 |
_c39202 _d39202 |
||